000
002390000a22000970004500
100
1
_a
Wheeler, Andrew
245
1
0
_a
Pasos históricos hacia la pacificación
300
_a
Núm 45 (2001), Páginas 12-13
773
0
_t
Paso a paso
942
_c
ANA
999
_c
52556
_d
52556